[Event "POL-chT3"]
[Site "Jastrzebia Gora POL"]
[Date "2015.??.??"]
[Round "6.102"]
[White "Wesolowska, Hanna"]
[Black "Guzik, Jolanta"]
[Result "1/2-1/2"]
[WhiteElo "1994"]
[BlackElo "1980"]
[EventDate "2015.??.??"]
[WhiteTitle "WFM"]
[BlackTitle "WFM"]

1.d4 g6 2.Nf3 Bg7 3.h3 d6 4.Bf4 Nd7 5.e3 c5 6.c3 Ngf6 7.Be2 O-O 8.O-O b6 
9.Nbd2 Bb7 10.Bh2 Qc7 11.Qb3 Rad8 12.Rfd1 h6 13.Rac1 Qb8 14.a4 a6 15.Qa3 
Qa8 16.Bf1 g5 17.c4 Ne4 18.d5 Nxd2 19.Rxd2 b5 20.b3 b4 21.Qa2 Ne5 22.Nxe5 
dxe5 23.e4 Qb8 24.Be2 Bc8 25.Bg4 Qd6 26.Qc2 Bxg4 27.hxg4 Rd7 28.f3 Rfd8 
29.Bg3 Rc8 30.Bf2 Qg6 31.Qd3 Qd6 32.Be3 Qf6 33.Qe2 Qd6 34.Qd3 Qf6 35.Qe2 
Qd6 36.Qd3 Qf6 37.Qe2 Qd6 1/2-1/2

[Event "POL-chT3"]
[Site "Jastrzebia Gora POL"]
[Date "2015.??.??"]
[Round "6.103"]
[White "Maj, Pawel"]
[Black "Maciol, Ryszard"]
[Result "1-0"]
[WhiteElo "2078"]
[BlackElo "2205"]
[EventDate "2015.??.??"]
[WhiteTitle "k"]
[BlackTitle "k"]

1.c4 Nf6 2.g3 e6 3.Bg2 d5 4.Nf3 Be7 5.b3 O-O 6.O-O b6 7.cxd5 exd5 8.d4 c5 
9.Bb2 Bb7 10.Nc3 Nc6 11.Rc1 Re8 12.dxc5 Bxc5 13.Na4 Bf8 14.e3 Ne4 15.Nd4 
Ne5 16.Nf3 Ng4 17.h3 Ngf6 18.Qe2 Qd7 19.Rc2 Bd6 20.Rfc1 Qf5 21.Nd4 Qg5 22.
Nf3 Qh6 23.Bd4 Bc8 24.Qf1 Bd7 25.Nb2 g5 26.Nd3 g4 27.Nfe5 gxh3 28.Nxd7 h2+
29.Kh1 Nxd7 30.Nf4 Ndf6 31.Bxf6 Qxf6 32.Nxd5 Qf5 33.Nf4 Ba3 34.Rd1 Nxg3+ 
35.fxg3 Qxc2 36.Bxa8 Rxa8 37.Qf3 Rc8 38.Rf1 Qf5 39.e4 Qb5 40.Qg4+ 1-0

[Event "POL-chT3"]
[Site "Jastrzebia Gora POL"]
[Date "2015.??.??"]
[Round "6.104"]
[White "Fudalej, Michal"]
[Black "Pajak, Jakub"]
[Result "1-0"]
[WhiteElo "2215"]
[BlackElo "1812"]
[EventDate "2015.??.??"]
[WhiteTitle "FM"]
[BlackTitle "I+"]

1.Nf3 d5 2.g3 c6 3.b3 Bg4 4.Bg2 Nd7 5.Bb2 Ngf6 6.d3 e6 7.Nbd2 Bd6 8.h3 Bh5
9.e4 e5 10.O-O O-O 11.Qe1 Qc7 12.Nh4 d4 13.Nc4 b5 14.Nxd6 Qxd6 15.f4 c5 
16.g4 Bxg4 17.hxg4 Nxg4 18.Nf5 Qf6 19.Qg3 h5 20.Bh3 exf4 21.Rxf4 Nde5 22.
Nxd4 h4 23.Rxf6 hxg3 24.Rf4 Nf2 25.Bf5 cxd4 26.Bxd4 g5 27.Bxe5 gxf4 28.
Bxf4 Rad8 29.Bc7 Rc8 30.Bxg3 Rxc2 31.Bxf2 Ra8 32.e5 Re2 33.d4 f6 34.Bd3 
Rb2 35.e6 a6 36.Re1 Re8 37.Bg6 Re7 38.Bf7+ Kg7 39.Bg3 Rxa2 40.Rd1 Rb2 41.
d5 Rxf7 42.exf7 Kxf7 43.d6 Rxb3 44.Kg2 Rxg3+ 45.Kxg3 Ke8 46.d7+ Kd8 47.Kf4
b4 48.Kf5 b3 49.Ke6 b2 50.Rb1 1-0

[Event "POL-chT3"]
[Site "Jastrzebia Gora POL"]
[Date "2015.??.??"]
[Round "6.107"]
[White "Herman, Monika"]
[Black "Lozynski, Kamil"]
[Result "0-1"]
[WhiteElo "1735"]
[BlackElo "1903"]
[EventDate "2015.??.??"]
[WhiteTitle "I++"]
[BlackTitle "I"]

1.d4 e6 2.Nf3 Nf6 3.Bf4 b6 4.e3 Bb7 5.h3 g6 6.Be2 Bg7 7.c3 d6 8.O-O O-O 9.
Re1 Nbd7 10.Nbd2 Re8 11.Bh2 e5 12.dxe5 Nxe5 13.Bxe5 dxe5 14.Qc2 Qe7 15.a4 
e4 16.Nd4 c5 17.Nb5 a6 18.Na3 Rad8 19.Red1 Kh8 20.Ndc4 Nd5 21.Rd2 f5 22.
Rad1 Bh6 23.Qb3 Qc7 24.f4 g5 25.Bh5 gxf4 26.Bxe8 fxe3 27.Re2 Rxe8 28.Nd6 
Qxd6 29.c4 f4 30.cxd5 f3 31.Rxe3 Qg3 32.Qc3+ Kg8 33.Rxf3 exf3 34.Qxf3 Be3+
35.Kh1 Qxf3 36.gxf3 Bd4 37.Nc4 Bxd5 38.Nxb6 Bxf3+ 0-1

[Event "POL-chT3"]
[Site "Jastrzebia Gora POL"]
[Date "2015.??.??"]
[Round "6.108"]
[White "Botor, Michalina"]
[Black "Baranska, Monika"]
[Result "1-0"]
[WhiteElo "1813"]
[BlackElo "1686"]
[EventDate "2015.??.??"]
[WhiteTitle "I++"]
[BlackTitle "I++"]

1.c4 e6 2.d4 d5 3.Nc3 c6 4.cxd5 exd5 5.Qc2 Bd6 6.Nf3 Ne7 7.Bg5 Qc7 8.e3 
Bf5 9.Bd3 Bxd3 10.Qxd3 h6 11.Bh4 Ng6 12.Bg3 Bxg3 13.hxg3 Nd7 14.Rc1 Qd6 
15.O-O O-O 16.e4 dxe4 17.Nxe4 Qd5 18.Nc3 Qa5 19.d5 cxd5 20.Qxd5 Qxd5 21.
Nxd5 Rac8 22.Nh4 Rxc1 23.Rxc1 Nxh4 24.gxh4 Nf6 25.Nxf6+ gxf6 26.Rc7 Rb8 
27.Kh2 a5 28.Rc5 b5 29.b3 Rb6 30.Kg3 Kg7 31.a4 bxa4 32.bxa4 Ra6 33.Kf4 Kg6
34.h5+ Kg7 35.g4 Kf8 36.f3 Ke7 37.Rf5 Ke6 38.Ke4 Ke7 39.Kd4 Kf8 40.Kc4 Kg7
41.Kb5 Ra8 42.Kb6 Rb8+ 43.Kxa5 Rb3 44.Ka6 Rb4 45.a5 Rb3 46.Ka7 Rb4 47.a6 
Rb3 48.Ka8 Rb6 49.a7 Rb3 50.Rf4 Rb1 51.Rc4 Rb3 52.f4 Rb1 53.f5 Rb2 54.Rc7 
Rb1 55.Rb7 1-0

[Event "POL-chT3"]
[Site "Jastrzebia Gora POL"]
[Date "2015.??.??"]
[Round "7.1"]
[White "Krysztofiak, Marcin"]
[Black "Kantans, Toms"]
[Result "1/2-1/2"]
[WhiteElo "2392"]
[BlackElo "2502"]
[EventDate "2015.??.??"]
[WhiteTitle "IM"]
[BlackTitle "IM"]

1.Nf3 Nf6 2.c4 c5 3.b3 g6 4.Bb2 Bg7 5.g3 O-O 6.Bg2 d5 7.cxd5 Qxd5 8.Nc3 
Qf5 9.Qc1 Nc6 10.Na4 Nd4 11.Nxd4 cxd4 12.Nc5 Nd5 13.O-O Qh5 14.Qc4 Nb6 15.
Qb4 e5 16.e3 Bh3 17.Bxh3 Qxh3 18.exd4 exd4 19.Bxd4 Qg4 20.f4 Nd5 21.Qc4 b5
22.Qd3 Nb4 23.Qc3 Bxd4+ 24.Qxd4 Nc2 25.Nd7 Qf5 26.Nf6+ Kh8 27.Qb2 Rfd8 28.
Nd5+ f6 29.Ne3 Nxe3 30.dxe3 Rd3 31.Rad1 Rxe3 32.Rfe1 Rxe1+ 33.Rxe1 Qc5+ 
34.Qf2 Qxf2+ 35.Kxf2 Rd8 36.Ke3 Rd6 37.Rc1 a6 38.Rc7 f5 39.Ke2 Kg8 40.Ra7 
Kh8 41.Rb7 Kg8 42.Ra7 Kh8 43.Rb7 Kg8 44.Ra7 1/2-1/2

[Event "POL-chT3"]
[Site "Jastrzebia Gora POL"]
[Date "2015.??.??"]
[Round "7.2"]
[White "Kolosowski, Mateusz"]
[Black "Grabarczyk, Miroslaw"]
[Result "1/2-1/2"]
[WhiteElo "2425"]
[BlackElo "2442"]
[EventDate "2015.??.??"]
[WhiteTitle "IM"]
[BlackTitle "GM"]

1.d4 d5 2.c4 e6 3.Nc3 Nf6 4.cxd5 exd5 5.Bg5 c6 6.Qc2 g6 7.e3 Bf5 8.Bd3 
Bxd3 9.Qxd3 Nbd7 10.Nge2 Bg7 11.O-O O-O 12.f3 b5 13.Rac1 Qa5 14.a3 b4 15.
Na2 bxa3 16.Qxa3 Qb5 17.Nac3 Qb7 18.Na4 Rfe8 19.Rc3 h6 20.Bh4 Qa6 21.Nc1 
Bf8 22.Qb3 Rac8 23.Bf2 c5 24.dxc5 Nxc5 25.Nxc5 Bxc5 26.Rd1 Bb6 27.Rxc8 
Rxc8 28.Nd3 Qc4 29.Qxc4 Rxc4 30.Rc1 Rxc1+ 31.Nxc1 Kf8 32.Kf1 Ke7 33.Ke2 
Nd7 34.Be1 Ne5 35.b3 h5 36.Bc3 Ke6 37.Kd2 Nc6 38.Ne2 Bc7 39.h3 Bd6 40.Kd3 
Bc7 41.f4 f5 42.Bd4 a6 43.Bc5 1/2-1/2

[Event "POL-chT3"]
[Site "Jastrzebia Gora POL"]
[Date "2015.??.??"]
[Round "7.3"]
[White "Borgula, Rafal"]
[Black "Cukrowski, Filip"]
[Result "1/2-1/2"]
[WhiteElo "2267"]
[BlackElo "2318"]
[EventDate "2015.??.??"]
[WhiteTitle "FM"]
[BlackTitle "m"]

1.d4 Nf6 2.Nf3 g6 3.c4 Bg7 4.Nc3 O-O 5.Bf4 d6 6.h3 Nfd7 7.e3 e5 8.Bh2 Nc6 
9.Be2 f5 10.O-O e4 11.Nd2 Nf6 12.Rc1 Ne7 13.Nb3 g5 14.d5 Ng6 15.Nd4 Qe7 
16.c5 dxc5 17.Ndb5 f4 18.d6 cxd6 19.Qxd6 Bh6 20.Bc4+ Kg7 21.Qxe7+ Nxe7 22.
exf4 gxf4 23.Nc7 Rb8 24.Rce1 Bf5 25.Be6 Bg6 26.Bb3 Bf5 27.Be6 Bg6 28.Bb3 
Bf5 29.Be6 Bg6 1/2-1/2

[Event "POL-chT3"]
[Site "Jastrzebia Gora POL"]
[Date "2015.??.??"]
[Round "7.4"]
[White "Goluch, Piotr"]
[Black "Robak, Zbigniew"]
[Result "1/2-1/2"]
[WhiteElo "2270"]
[BlackElo "2192"]
[EventDate "2015.??.??"]
[WhiteTitle "k++"]
[BlackTitle "m"]

1.d4 d5 2.c4 e6 3.Nf3 c6 4.g3 Nf6 5.Bg2 Nbd7 6.O-O Be7 7.Qc2 O-O 8.Rd1 b6 
9.Nbd2 Ba6 10.e4 dxe4 11.Ne5 Qc7 12.Nxd7 Qxd7 13.Nxe4 Nxe4 14.Bxe4 f5 15.
Bg2 Bf6 16.Be3 Bb7 17.c5 b5 18.a4 a6 19.Bf4 g5 20.Bd6 Rf7 21.Ra3 b4 22.Re3
a5 23.Qc4 Re8 24.Rde1 Bc8 25.Bf3 g4 26.Bd1 Bg5 27.f4 gxf3 28.Rxf3 Be7 29.
Be5 Bf6 30.Rd3 Qa7 31.Qc2 Ba6 32.Rd2 Bxe5 33.dxe5 Rg7 34.Rd6 f4 35.g4 h5 
36.h3 Qe7 37.Qf2 Qg5 38.h4 Qg6 39.g5 f3 40.Bc2 Qf7 41.Qe3 Rf8 42.Kf2 Bc4 
43.g6 Qe7 44.Qd4 Bd5 45.b3 Bxb3 46.Bxb3 Rxg6 47.Bxe6+ Kh8 48.Bh3 Rg4 49.
Bxg4 Qxh4+ 50.Kf1 Qh1+ 51.Kf2 Qh4+ 1/2-1/2

[Event "POL-chT3"]
[Site "Jastrzebia Gora POL"]
[Date "2015.??.??"]
[Round "7.5"]
[White "Konieczynski, Piotr"]
[Black "Dubinski, Mateusz"]
[Result "1/2-1/2"]
[WhiteElo "1975"]
[BlackElo "2207"]
[EventDate "2015.??.??"]
[WhiteTitle "I++"]
[BlackTitle "CM"]

1.d4 Nf6 2.c4 g6 3.Nc3 Bg7 4.e4 O-O 5.Nf3 d6 6.h3 e5 7.dxe5 dxe5 8.Qxd8 
Rxd8 9.Bg5 c6 10.Nxe5 Re8 11.O-O-O h6 12.Bf4 Na6 13.Nf3 Nxe4 14.Nxe4 Rxe4 
15.Be3 c5 16.Be2 Re8 17.Nd2 Nb4 18.a3 Nc6 19.Bf3 Nd4 20.Bd5 Bf5 21.Bxd4 
Bxd4 22.g4 Be6 23.Bxe6 Rxe6 24.f3 Re2 25.Rhe1 Rh2 26.Rh1 Rg2 27.Rhe1 Rd8 
28.b3 Bc3 29.Ne4 Bb2+ 30.Kb1 Rxd1+ 31.Rxd1 Bxa3 32.Rd3 Rb2+ 33.Ka1 Rh2 34.
f4 Bb2+ 35.Kb1 Bd4 36.Nd6 a5 37.f5 Rf2 38.fxg6 fxg6 39.Kc1 b6 40.Kd1 Rf6 
41.Nb5 Rf4 42.Nc7 Kf7 43.Nd5 Rf1+ 44.Ke2 Rf2+ 45.Ke1 Rh2 46.Nxb6 Ke6 47.
Na4 h5 48.gxh5 gxh5 49.Kf1 Rf2+ 50.Ke1 Rg2 51.Kf1 Rg5 52.Nc3 Ke5 53.Rf3 
Rg1+ 54.Ke2 Rc1 55.Nd5 Rc2+ 56.Kd1 Ra2 57.Nc3 Rb2 58.Na4 Rg2 59.Nc3 h4 60.
Ne2 Ke4 61.Rf7 Rh2 62.Re7+ Kd3 63.Nf4+ Kc3 64.Rb7 Rf2 65.Ne2+ Kd3 66.Nc1+ 
Kc3 1/2-1/2

[Event "POL-chT3"]
[Site "Jastrzebia Gora POL"]
[Date "2015.??.??"]
[Round "7.6"]
[White "Kulon, Klaudia"]
[Black "Weglarz, Joanna"]
[Result "1-0"]
[WhiteElo "2250"]
[BlackElo "2004"]
[EventDate "2015.??.??"]
[WhiteTitle "WGM"]
[BlackTitle "k"]

1.c4 Nf6 2.g3 c5 3.Bg2 d5 4.cxd5 Nxd5 5.Nc3 Nc7 6.Nf3 Nc6 7.O-O e5 8.d3 
Be7 9.Be3 O-O 10.Nd2 Bd7 11.Rc1 Rc8 12.a3 b6 13.Nc4 f6 14.Ne4 Be8 15.f4 
Nd5 16.Bd2 exf4 17.gxf4 Bf7 18.Kh1 f5 19.Ng3 Qd7 20.e4 Nf6 21.Ne5 Nxe5 22.
fxe5 Ng4 23.Rxf5 Qxd3 24.Bf1 Qd7 25.Qxg4 Qxd2 26.Rxf7 Rxf7 27.Rd1 1-0

[Event "POL-chT3"]
[Site "Jastrzebia Gora POL"]
[Date "2015.??.??"]
[Round "7.7"]
[White "Tazbir, Marcin"]
[Black "Rudolf, Michal"]
[Result "1/2-1/2"]
[WhiteElo "2517"]
[BlackElo "2326"]
[EventDate "2015.??.??"]
[WhiteTitle "GM"]
[BlackTitle "FM"]

1.d4 e6 2.e4 d5 3.Nc3 Nf6 4.e5 Nfd7 5.Nce2 c5 6.c3 Nc6 7.Nf3 cxd4 8.cxd4 
f6 9.Nf4 Bb4+ 10.Bd2 Qe7 11.Nd3 Bxd2+ 12.Qxd2 O-O 13.exf6 Qxf6 14.Qe3 b6 
15.Rc1 Bb7 16.Be2 Rae8 17.Nfe5 Ndxe5 18.dxe5 Qh4 19.O-O Qe4 20.Rfe1 Qxe3 
21.fxe3 Rf5 22.Bg4 Rg5 23.Bf3 Re7 24.h4 Nxe5 25.Nxe5 Rxe5 26.g4 h5 27.gxh5
Rf7 28.Kg2 Ref5 29.Bg4 R5f6 30.Kg3 e5 31.Rc2 Kh7 32.Rec1 d4 33.exd4 exd4 
34.Rd1 Rf4 35.Rdd2 Bd5 36.b3 Kh6 37.Rc1 R7f6 38.Re1 Bf3 39.Bxf3 Rxf3+ 40.
Kg2 R3f4 41.Kg3 Rf3+ 42.Kg2 Kxh5 43.Re7 R3f4 1/2-1/2

[Event "POL-chT3"]
[Site "Jastrzebia Gora POL"]
[Date "2015.??.??"]
[Round "7.8"]
[White "Zujev, Oleg"]
[Black "Sopur, Lech"]
[Result "1-0"]
[WhiteElo "2271"]
[BlackElo "2419"]
[EventDate "2015.??.??"]
[WhiteTitle ""]
[BlackTitle "m"]

1.d4 g6 2.c4 Bg7 3.e4 d6 4.Nc3 Nc6 5.Be3 e5 6.d5 Nce7 7.g4 Nf6 8.f3 h5 9.
g5 Nd7 10.h4 O-O 11.Bh3 a5 12.Nge2 Nc5 13.Nc1 f5 14.Nd3 b6 15.Nxc5 bxc5 
16.Qd3 a4 17.O-O-O Bd7 18.Kb1 Rb8 19.Bd2 Qc8 20.Rc1 Qb7 21.Rc2 Nc8 22.Nd1 
Nb6 23.Ne3 fxe4 24.fxe4 Bxh3 25.Rxh3 Rf4 26.Bc1 Rbf8 27.Ng2 R4f7 28.Ne3 
Qc8 29.Rh1 Rf3 30.Qe2 R3f4 31.Nd1 Rg4 32.Qd3 Qa6 33.Rh3 Rg1 34.Be3 Rg4 35.
Bc1 Qc8 36.Rh1 Rf7 37.Rf2 Re7 38.Rc2 Qa6 39.Nf2 Rg2 40.Qf3 Rxf2 41.Qxf2 
Rf7 42.Qe2 a3 43.b3 Rf4 44.Bxf4 exf4 45.e5 Bxe5 46.Qe4 Kg7 47.Rf1 Nd7 48.
Rxf4 Qa5 49.Rf1 1-0

[Event "POL-chT3"]
[Site "Jastrzebia Gora POL"]
[Date "2015.??.??"]
[Round "7.9"]
[White "Sapis, Witalis"]
[Black "Warszawski, Bartosz"]
[Result "1-0"]
[WhiteElo "2396"]
[BlackElo "2224"]
[EventDate "2015.??.??"]
[WhiteTitle "IM"]
[BlackTitle "m"]

1.d4 Nf6 2.Nf3 e6 3.c4 Bb4+ 4.Nbd2 b6 5.a3 Bxd2+ 6.Qxd2 Bb7 7.g3 O-O 8.Bg2
d6 9.O-O Nbd7 10.b4 Qe7 11.Bb2 Be4 12.Ne1 Bxg2 13.Nxg2 c5 14.Ne3 a5 15.
Rfd1 Rfb8 16.dxc5 dxc5 17.b5 Rd8 18.Qc3 h5 19.Rd3 Nf8 20.Rad1 Ng6 21.Qd2 
Rxd3 22.Qxd3 h4 23.Qd6 Qb7 24.Bxf6 gxf6 25.f3 hxg3 26.hxg3 Ne5 27.Kf2 Kg7 
28.f4 Ng6 29.f5 Ne5 30.fxe6 fxe6 31.Qxe6 Qe4 32.Rd7+ Kg6 33.Qe7 Kg5 34.
Qg7+ Qg6 35.Qxg6+ Kxg6 36.Rb7 Rd8 37.Rxb6 Rd2 38.Ra6 Rd4 39.Rxa5 Nxc4 40.
Nxc4 Rxc4 41.b6 1-0

[Event "POL-chT3"]
[Site "Jastrzebia Gora POL"]
[Date "2015.??.??"]
[Round "7.10"]
[White "Chalupnik, Marcin"]
[Black "Swic, Waldemar"]
[Result "0-1"]
[WhiteElo "2210"]
[BlackElo "2345"]
[EventDate "2015.??.??"]
[WhiteTitle "k++"]
[BlackTitle "FM"]

1.e4 e5 2.Nf3 d6 3.d4 Nd7 4.Nc3 Be7 5.Bc4 c6 6.a4 Ngf6 7.Bb3 O-O 8.O-O b6 
9.Re1 Rb8 10.h3 a6 11.d5 c5 12.Bc4 Ne8 13.Qe2 Ra8 14.g3 g6 15.Nh2 f5 16.
exf5 gxf5 17.f4 Rf7 18.g4 Ng7 19.g5 exf4 20.Bxf4 Nf8 21.h4 Ng6 22.Qf2 Nh5 
23.Ne2 h6 24.gxh6 Bxh4 25.Qg2 Kh7 26.Rf1 Nhxf4 27.Nxf4 Nxf4 28.Rxf4 Bg5 
29.Rf3 Bxh6 30.Kh1 Raa7 31.Bd3 Kh8 32.Qh3 Qf8 33.Rg1 Rf6 34.Rg5 Rh7 35.Rh5
Qg7 36.Nf1 Bg5 37.Rxh7+ Qxh7 38.Qxh7+ Kxh7 39.Ng3 Kg6 40.Kg2 Bc1 41.b3 Bb2
42.Rf1 Be5 43.Rh1 Rf8 44.Kf3 Rh8 45.Rxh8 Bxh8 46.Ne2 Be5 47.Nf4+ Kf6 48.
Nh3 Bc3 49.Nf4 Bd2 50.Ne6 Bb7 51.Nc7 Ke5 52.c4 Bc8 53.Na8 Ba5 54.Nc7 b5 
55.Ne8 bxa4 56.bxa4 Bd7 57.Ng7 Kf6 58.Nh5+ Kg5 59.Ng7 Kg6 60.Ne6 Bxa4 61.
Nf4+ Kf6 62.Ke3 Bc3 63.Ne2 Be5 64.Nc1 Kg5 65.Kf3 Be8 66.Nb3 Bc3 67.Nc1 a5 
68.Ne2 Be5 69.Bc2 a4 70.Bd1 a3 71.Bb3 f4 72.Nc1 Bh5+ 73.Kg2 f3+ 74.Kf2 
Bd4+ 75.Kg3 f2 76.Kg2 Bg6 77.Kf1 Be3 78.Ne2 Bd3 0-1

[Event "POL-chT3"]
[Site "Jastrzebia Gora POL"]
[Date "2015.??.??"]
[Round "7.11"]
[White "Flis, Pawel"]
[Black "Kaim, Piotr"]
[Result "0-1"]
[WhiteElo "2017"]
[BlackElo "2195"]
[EventDate "2015.??.??"]
[WhiteTitle "k"]
[BlackTitle "m"]

1.e4 c6 2.d4 d5 3.Nc3 dxe4 4.Nxe4 Nf6 5.Nxf6+ gxf6 6.c3 Qd5 7.Bf4 h5 8.Nf3
Bg4 9.Be2 e6 10.h3 Bf5 11.Bd3 Bxd3 12.Qxd3 Nd7 13.O-O O-O-O 14.c4 Qa5 15.
a3 Ne5 16.Bxe5 fxe5 17.Qe4 exd4 18.Nxd4 Bg7 19.Rad1 Qe5 20.Qxe5 Bxe5 21.
Nc2 Bxb2 22.h4 Rhg8 23.g3 Rxd1 24.Rxd1 Rg4 25.Ne3 Re4 26.a4 Bd4 27.Ng2 e5 
28.Kf1 Bb6 29.Re1 Rxe1+ 30.Nxe1 Kd7 31.Ke2 f5 32.Nd3 Bd4 33.f3 Ke6 34.Kd2 
Kd6 35.Ke2 a6 36.Kd2 b5 37.cxb5 cxb5 38.axb5 axb5 39.Ke2 Kd5 40.Kd2 Bg1 
41.Ke2 Bh2 42.Kf2 f4 43.gxf4 exf4 44.Ke2 Kd4 45.Kd2 Bg3 46.Ke2 Kc3 47.Nc5 
Bxh4 48.Ne4+ Kc2 0-1

[Event "POL-chT3"]
[Site "Jastrzebia Gora POL"]
[Date "2015.??.??"]
[Round "7.12"]
[White "Bednarska-bzdega, Malgorzata"]
[Black "Antolak, Julia"]
[Result "1/2-1/2"]
[WhiteElo "2052"]
[BlackElo "1945"]
[EventDate "2015.??.??"]
[WhiteTitle "WFM"]
[BlackTitle "k+"]

1.e4 c5 2.Nf3 e6 3.d4 cxd4 4.Nxd4 Nf6 5.Nc3 d6 6.g3 Nc6 7.Bg2 Be7 8.O-O 
Bd7 9.a4 O-O 10.Re1 a6 11.Nxc6 Bxc6 12.a5 Nd7 13.Be3 Qc7 14.Na4 Bxa4 15.
Rxa4 b5 16.axb6 Nxb6 17.Ra2 Rfc8 18.b3 a5 19.Bd4 e5 20.Be3 a4 21.Bxb6 Qxb6
22.bxa4 Rc4 23.c3 Qa5 24.Bf1 Rxa4 25.Rxa4 Qxa4 26.Qd5 Qa5 27.Qb7 Qa7 28.
Qd5 Qa5 29.Qb7 Qa7 30.Qc6 Rb8 31.Bc4 Qc5 32.Qd5 Qxd5 33.Bxd5 Rc8 34.c4 Rc7
35.Rb1 g6 36.f4 exf4 37.gxf4 Bf6 38.Kg2 Bd4 39.Kf3 Kg7 40.Rd1 Bc3 41.Rd3 
Bb2 42.Rb3 Bd4 43.Ra3 Ra7 44.Rxa7 Bxa7 45.e5 dxe5 46.fxe5 Kf8 47.Bb7 Ke7 
48.Bc8 Bb8 49.Ke4 f6 50.exf6+ 1/2-1/2

[Event "POL-chT3"]
[Site "Jastrzebia Gora POL"]
[Date "2015.??.??"]
[Round "7.13"]
[White "Sivuk, Vitaly"]
[Black "Gajek, Radoslaw"]
[Result "1/2-1/2"]
[WhiteElo "2479"]
[BlackElo "2384"]
[EventDate "2015.??.??"]
[WhiteTitle "GM"]
[BlackTitle "IM"]

1.d4 Nf6 2.c4 e6 3.Nf3 b6 4.g3 Ba6 5.b3 b5 6.cxb5 Bxb5 7.Bg2 d5 8.O-O Nbd7
9.Nc3 Ba6 10.Ne5 c6 11.Nd3 Be7 12.Re1 O-O 13.Na4 Ne4 14.f3 Nef6 15.Bb2 Rc8
16.Rc1 Bxd3 17.Qxd3 c5 18.Qa6 Rc7 19.Qa5 c4 20.bxc4 dxc4 21.e4 Qc8 22.Re2 
Rc6 23.Rec2 Ra6 24.Qb5 Nb6 25.Nxb6 Rxb6 26.Qa5 Ra6 27.Qc3 Rxa2 28.Bf1 Ra6 
29.Bxc4 Rb6 30.Ba1 Qb8 31.Qd3 Rb1 32.Ba6 Rxc1+ 33.Rxc1 Qb6 34.Rb1 Qa5 35.
Bc3 Qa3 36.Qc4 Nd7 37.Rb7 Nb6 38.Qd3 Bb4 39.Bxb4 Qxb4 40.Rxa7 Rd8 41.Rb7 
g6 42.d5 exd5 43.Qe3 Nc4 44.Rxb4 Nxe3 45.e5 Ra8 46.Rb6 Nc4 47.Bxc4 dxc4 
48.Rc6 Ra1+ 49.Kf2 Ra2+ 50.Ke3 Rxh2 51.Rxc4 h6 52.Rc8+ Kg7 53.Rc7 Kg8 54.
f4 Ra2 55.Ke4 1/2-1/2

[Event "POL-chT3"]
[Site "Jastrzebia Gora POL"]
[Date "2015.??.??"]
[Round "7.14"]
[White "Krainski, Aleksander"]
[Black "Kowalczyk, Pawel"]
[Result "1-0"]
[WhiteElo "2134"]
[BlackElo "2352"]
[EventDate "2015.??.??"]
[WhiteTitle "FM"]
[BlackTitle "I++"]

1.d4 Nf6 2.Nf3 b6 3.e3 Bb7 4.Bd3 e6 5.O-O a6 6.Nbd2 c5 7.c3 Nc6 8.a3 Qc7 
9.e4 d6 10.Re1 e5 11.d5 Ne7 12.a4 g6 13.Nc4 Nd7 14.Bg5 f6 15.Bh4 h5 16.h3 
g5 17.Bxg5 fxg5 18.Nxg5 Ng8 19.Ne6 Qb8 20.Qf3 Ngf6 21.Nxb6 Ke7 22.Nc4 Bh6 
23.b4 Qa7 24.bxc5 Nxc5 25.Nxd6 Kxd6 26.Qxf6 Nd7 27.Qf7 Bc8 28.Qg6 Ke7 29.
d6+ Kxd6 30.Nd8+ Kc7 31.Nf7 Qb6 32.Nxh8 Bb7 33.Qxb6+ Kxb6 34.Nf7 Bg7 35.
Nd6 Bc6 36.Nf5 Bf6 37.a5+ Kc7 38.Bc4 Nc5 39.Bd5 Bxd5 40.exd5 e4 41.Rab1 
Rd8 42.Rb6 Bxc3 43.Rc1 Na4 44.Rc6+ Kb7 45.Rc4 1-0

[Event "POL-chT3"]
[Site "Jastrzebia Gora POL"]
[Date "2015.??.??"]
[Round "7.15"]
[White "Jagodzinski, Piotr"]
[Black "Karpus, Michal"]
[Result "0-1"]
[WhiteElo "2246"]
[BlackElo "2303"]
[EventDate "2015.??.??"]
[WhiteTitle "k++"]
[BlackTitle "FM"]

1.Nf3 Nf6 2.g3 g6 3.Bg2 Bg7 4.O-O O-O 5.c4 d6 6.Nc3 Nc6 7.Rb1 e5 8.d3 h6 
9.b4 a6 10.a4 Be6 11.b5 axb5 12.axb5 Ne7 13.Bb2 Nh7 14.Qb3 f5 15.Nd2 Rb8 
16.Nd5 g5 17.Ra1 g4 18.Ra7 Nc8 19.b6 c6 20.Nc7 Bd7 21.c5+ d5 22.Ra4 Kh8 
23.e4 f4 24.gxf4 exf4 25.Bxg7+ Kxg7 26.Qc3+ Kg8 27.e5 Ng5 28.e6 Bxe6 29.
Nxe6 Nxe6 30.Qe5 Nxc5 31.Rxf4 Rxf4 32.Qxf4 Nxb6 33.f3 Qf8 34.Qc7 Nbd7 35.
d4 Rc8 36.Qg3 Na6 37.Qxg4+ Qg7 38.Qe6+ Kh8 39.Kh1 Nc7 40.Qh3 Rg8 41.Rg1 
Nf8 42.Nf1 Nce6 43.Ng3 Nxd4 44.Re1 Qg5 45.Qc8 b5 46.Qb7 Nfe6 47.Qa7 Qd2 
48.Qa1 Nf4 49.Rg1 c5 50.Qa6 Nxg2 51.Qf6+ Kh7 52.Nh5 Qg5 53.Qf7+ Kh8 54.f4 
Qf5 55.Nf6 Qg6 56.Qe7 Qg7 57.Qd6 Nf5 58.Qe6 Rf8 59.Nh5 Qf7 60.Qe5+ Kh7 61.
Qe2 Ngh4 62.Ra1 d4 63.Kg1 Qb7 64.Ng3 Ne3 65.Qd3+ Kh8 66.Ra2 Rxf4 67.Qb1 
Nf3+ 0-1

[Event "POL-chT3"]
[Site "Jastrzebia Gora POL"]
[Date "2015.??.??"]
[Round "7.16"]
[White "Karbowiak, Adam"]
[Black "Dobrowolski, Aleksander"]
[Result "0-1"]
[WhiteElo "2153"]
[BlackElo "2281"]
[EventDate "2015.??.??"]
[WhiteTitle "k+"]
[BlackTitle "m"]

1.Nf3 Nf6 2.g3 d5 3.Bg2 Bf5 4.O-O e6 5.d3 Be7 6.c4 c6 7.Be3 O-O 8.Nc3 h6 
9.Rc1 Bh7 10.h3 Nbd7 11.Qb3 b6 12.Nd4 Rc8 13.Qa4 Nc5 14.Nxc6 Nxa4 15.Nxd8 
Nxc3 0-1

[Event "POL-chT3"]
[Site "Jastrzebia Gora POL"]
[Date "2015.??.??"]
[Round "7.17"]
[White "Dowgird, Filip"]
[Black "Krainski, Slawomir"]
[Result "1/2-1/2"]
[WhiteElo "2208"]
[BlackElo "2124"]
[EventDate "2015.??.??"]
[WhiteTitle "k"]
[BlackTitle "k"]

1.g3 f5 2.Bg2 Nf6 3.d3 g6 4.e4 fxe4 5.dxe4 e5 6.Nc3 Bg7 7.Nge2 O-O 8.h3 d6
9.Be3 Be6 10.Qd2 Qd7 11.Nd5 Nc6 12.g4 Rae8 13.O-O-O Ne7 14.Kb1 Nexd5 15.
exd5 Bf7 16.c4 Qa4 17.Qc2 Qa5 18.Nc3 a6 19.g5 Nh5 20.Be4 b5 21.c5 Rb8 22.
b3 dxc5 23.Bxc5 b4 24.Bxf8 Bxf8 25.Na4 Be8 26.Nb2 Nf4 27.Rd2 Bb5 28.h4 Qb6
29.Rc1 Bd6 30.Nc4 Bxc4 31.Qxc4 Rf8 32.Qc2 Rf7 33.Bf3 Kg7 34.Bg4 Re7 35.Qe4
a5 36.Rc6 Qa7 37.Bd1 Qb8 38.h5 gxh5 39.Bc2 Ng6 40.Qh1 Nf4 41.Rc4 Qe8 42.f3
Qf7 43.Be4 Re8 44.Rc1 Ra8 45.Qd1 h4 46.Qc2 Kh8 47.Rg1 Rg8 48.Rg4 Qh5 49.
Rh2 h3 50.Qf2 Rxg5 51.Rh4 Rg1+ 52.Qxg1 Qxh4 53.Kc2 Qe7 54.Qg4 Bc5 55.Rxh3 
Nxh3 56.Qxh3 Be3 57.Kd3 1/2-1/2

[Event "POL-chT3"]
[Site "Jastrzebia Gora POL"]
[Date "2015.??.??"]
[Round "7.18"]
[White "Pacuszka, Wioletta"]
[Black "Korosciel, Aneta"]
[Result "0-1"]
[WhiteElo "1943"]
[BlackElo "2036"]
[EventDate "2015.??.??"]
[WhiteTitle "I+"]
[BlackTitle "m"]

1.e4 e5 2.Bc4 Nf6 3.d3 Be7 4.Nf3 Nc6 5.a4 O-O 6.O-O d5 7.exd5 Nxd5 8.Re1 
Bf6 9.c3 a6 10.a5 b5 11.axb6 cxb6 12.Nbd2 Bb7 13.Ne4 Be7 14.Ng3 b5 15.Ba2 
Bf6 16.Bb1 g6 17.Bh6 Re8 18.Ne4 Bg7 19.Qd2 b4 20.Ba2 a5 21.Bg5 Nce7 22.d4 
bxc3 23.bxc3 exd4 24.c4 Nb4 25.Nf6+ Bxf6 26.Bxf6 Ra6 27.Qxd4 Qxd4 28.Bxd4 
Nc2 29.Rab1 Nxe1 30.Rxe1 Bxf3 31.gxf3 Re6 32.Rb1 Nc6 33.Bc3 Re2 34.Bb3 Rb8
35.Kf1 Ree8 36.Bc2 Rxb1+ 37.Bxb1 f5 38.Bc2 Nb4 39.Ba4 Rd8 40.Ke2 Kf8 41.
Bb5 Ke7 42.Bd2 Ke6 43.Bg5 Rc8 44.Bd2 Nc6 45.Bc3 Ne5 46.Bxa5 Nxc4 47.Bb4 
Kd5 48.Ba4 Ra8 49.Bd7 Ne5 0-1

[Event "POL-chT3"]
[Site "Jastrzebia Gora POL"]
[Date "2015.??.??"]
[Round "7.19"]
[White "Janaszak, Dawid"]
[Black "Tomaszewski, Kacper"]
[Result "1-0"]
[WhiteElo "2373"]
[BlackElo "2278"]
[EventDate "2015.??.??"]
[WhiteTitle "FM"]
[BlackTitle "k"]

1.d4 Nf6 2.c4 g6 3.Nc3 d5 4.cxd5 Nxd5 5.e4 Nxc3 6.bxc3 Bg7 7.Qa4+ Qd7 8.
Qb3 O-O 9.Nf3 b6 10.Bd3 Bb7 11.O-O Nc6 12.Rd1 Na5 13.Qc2 c5 14.Be3 cxd4 
15.cxd4 Rfc8 16.Qe2 e6 17.Rab1 Qd6 18.h4 Nc6 19.e5 Qf8 20.Be4 Rab8 21.Bd2 
Qd8 22.Bg5 Qf8 23.h5 Ne7 24.hxg6 hxg6 25.Nd2 Nd5 26.Rb3 Bh6 27.Bxh6 Qxh6 
28.Bxd5 Bxd5 29.Rh3 Qg5 30.Rg3 Qh4 31.Qe3 Qh5 32.f3 Qh7 33.Rh3 Qg7 34.Kf2 
f5 35.exf6 Qxf6 36.Rdh1 Rb7 37.Qe5 Qxe5 38.dxe5 Rf8 39.Rh8+ Kf7 40.R1h7+ 
Ke8 41.Rxb7 Bxb7 42.Rh6 Bd5 43.a3 1-0

[Event "POL-chT3"]
[Site "Jastrzebia Gora POL"]
[Date "2015.??.??"]
[Round "7.20"]
[White "Matuszczyk, Przemyslaw"]
[Black "Maciejczak, Jakub"]
[Result "0-1"]
[WhiteElo "2086"]
[BlackElo "2355"]
[EventDate "2015.??.??"]
[WhiteTitle "I++"]
[BlackTitle "FM"]

1.e4 c5 2.Nf3 g6 3.c3 Bg7 4.d4 cxd4 5.cxd4 d6 6.h3 Nf6 7.Nc3 O-O 8.Be2 a6 
9.a4 b6 10.Be3 e6 11.O-O Bb7 12.Nd2 Nc6 13.Rc1 Ne7 14.Re1 d5 15.e5 Ne4 16.
Ndxe4 dxe4 17.Qc2 Nf5 18.Rcd1 Rc8 19.Qb1 Nxe3 20.fxe3 Qh4 21.Bf1 f6 22.
exf6 Rxf6 23.Qc2 Bf8 24.g4 Bd6 25.Qg2 Rf3 26.Ne2 Rcf8 0-1